Strong Alcohol 19% - Sudden Death - Statistics

General Stats
  • This quiz has been taken 404 times
    391 since last reset
  • The average score is 5 of 26
Answers on the Grid
Answers color-coded by a green-red scale on the quiz's grid according to % correct below.
Spirytus Rektyfikowany
Malibu
X Cold / Get 31
Suze
Leffe
Everclear
Triple Karmeliet
Cocoroco
Mezcal
Get 27
Champagne
Absinthe
Martini
Water
Rhum
Grand Marnier
Cider
Brandy
Baileys
Menthe Pastille
Kahlua
Wine
Vodka
Kirsch
Cointreau
Apérol
Picon
Williams Pear
Kir
Triple Dry
Soho
Desperados
Limoncello
Gin
Perry
Xeres
Tequila
Sambuca
Armagnac / Cognac
Worcester sauce
Heineken
Pastis / Ricard
Chartreuse
Whisky
Curaçao
El Tequito
Génépi
Calvados
 
Answer Stats
Answer % Correct
Whisky
53%
Vodka
52%
Tequila
49%
Gin
47%
Brandy
36%
Absinthe
32%
Armagnac / Cognac
27%
Rhum
27%
Everclear
22%
Mezcal
19%
Sambuca
17%
Cointreau
14%
Limoncello
10%
Spirytus Rektyfikowany
9%
Calvados
8%
Curaçao
8%
Triple Dry
8%
Chartreuse
7%
Grand Marnier
7%
Kirsch
5%
Menthe Pastille
4%
Pastis / Ricard
4%
Williams Pear
4%
Génépi
3%
Cocoroco
2%
X Cold / Get 31
2%
No matching quizzes found
Score Distribution
Percent of People with Each Score
Percentile by Number Answered
Your Score History
You have not taken this quiz since the last reset